| 000 | 00835nam a22001937a 4500 | ||
|---|---|---|---|
| 008 | 260701s1978 mx eo|||r|||| 000 0 spa d | ||
| 040 | _bspa | ||
| 041 | _aSPA | ||
| 082 | 0 | 4 |
_a972.4502 _bD52 |
| 100 | _aDIAZ R, FERNANDO | ||
| 245 | _aLAS MISIONESDE FRAY JUNIPERO SERRA | ||
| 300 | _c23.5 cm x 18.5 cm | ||
| 336 |
_2rdacontent _atexto _btxt |
||
| 337 |
_2rdamedia _asin mediación _bn |
||
| 338 |
_2rdacarrier _avolumen _bnc |
||
| 505 | _aPRESENTA LA HISTORIA DE LAS CINCO MISIONES FRANCISCANAS DE LA SIERRA GORDA DE QUERÉTARO (JALPAN, LANDA, TILACO, TANCÓYOL Y CONCÁ), FUNDADAS ENTRE 1750 Y 1760, Y DESTACA SU VALOR COMO JOYAS DEL BARROCO NOVOHISPANO Y PATRIMONIO CULTURAL DE LA HUMANIDAD. | ||
| 650 |
_aGEOGRAFÍA E HISTORIA _vHISTORIA GENERAL DE AMÉRICA DEL NORTE _xMEOAMÉRICA (AMÉRICA MEDIA) MÉXICO |
||
| 942 |
_2ddc _cCOLQ |
||
| 999 |
_c68736 _d68736 |
||